Vista normal
Vista MARC
Entrada Materia (personas)
Número de registros utilizados en: 1
001 - CONTROL NUMBER
- control field: 150733
003 - CONTROL NUMBER IDENTIFIER
- control field: Co-BoUCM
005 - DATE AND TIME OF LATEST TRANSACTION
- control field: 20211028084222.0
008 - FIXED-LENGTH DATA ELEMENTS
- fixed length control field: 211028|| aca||aabn | a|a d
040 ## - CATALOGING SOURCE
- Original cataloging agency: Co-BoUCM
- Transcribing agency: Co-BoUCM
100 ## - HEADING--PERSONAL NAME
- Personal name: Hugo, Víctor
- Dates associated with a name: 1802-1885
670 ## - SOURCE DATA FOUND
- Source citation: Work cat.: (Co-BoUCM)87808: Hugo, Víctor 1802-1885, Lesvoix intérieures. Les rayons et les ombres, 1911